Carson McCullers : a life /

V. S. Pritchett called her "a genius." Gore Vidal described her as a "beloved novelist of singular brilliance. Of all the Southern writers, she is the most apt to endure." And Tennessee Williams said, "The only real writer the South ever turned out, was Carson." She was...

Full description

Bibliographic Details
Main Author: Dearborn, Mary V. (Author)
Format: Book
Language:English
Published: New York : Alfred A. Knopf, [2024].
Edition:First edition.
Subjects:

MARC

Tag First Indicator Second Indicator Subfields
LEADER 00000cam a2200000 i 4500
001 in00004792135
003 OCoLC
005 20240614205402.3
008 230404t20242024nyua b 001 0beng
010 |a  2023007221 
040 |a DLC  |e rda  |c DLC 
020 |a 9780525521013  |q hardcover 
020 |a 0525521011  |q hardcover 
020 |z 9780525521020  |q electronic book 
035 |a (OCoLC)1380993302 
050 0 0 |a PS3525.A1772  |b Z595 2024 
082 0 0 |a 813/.52  |2 23/eng/20230531 
100 1 |a Dearborn, Mary V.,  |e author. 
245 1 0 |a Carson McCullers :  |b a life /  |c Mary V. Dearborn. 
250 |a First edition. 
264 1 |a New York :  |b Alfred A. Knopf,  |c [2024]. 
264 4 |c ©2024. 
300 |a viii, 484 pages :  |b illustrations ;  |c 25 cm. 
336 |a text  |b txt  |2 rdacontent 
336 |a still image  |b sti  |2 rdacontent 
337 |a unmediated  |b n  |2 rdamedia 
338 |a volume  |b nc  |2 rdacarrier 
504 |a Includes bibliographical references and index. 
505 0 |a Wunderkind -- That rainbow youth of mine -- Charming the skin off a snake -- A young knight -- Flowering jazz passion -- A bit of holy terror -- I feel that book with something like my whole body -- Practically paradise -- Our love for each other is like a sort of natural law -- Like a broken doll -- The jigger got bigger and bigger -- I am an invalid -- Harder than marble -- Grappa rather than gin -- A colossal power of destruction -- Endings are knives -- I seen the little lamp -- i trust you -- "That green and glowing Spring" -- Insatiability for living -- The sad, happy life of Carson McCullers. 
520 |a V. S. Pritchett called her "a genius." Gore Vidal described her as a "beloved novelist of singular brilliance. Of all the Southern writers, she is the most apt to endure." And Tennessee Williams said, "The only real writer the South ever turned out, was Carson." She was born Lula Carson Smith in Columbus, Georgia. Her dream was to become a concert pianist, though she'd been writing since she was sixteen and the influence of music was evident throughout her work. As a child, she said she'd been "born a man." At twenty, she married Reeves McCullers, a fellow southerner, ex-soldier and aspiring writer ("He was the best-looking man I had ever seen"). They had a fraught, tumultuous marriage lasting twelve years and ending with his suicide in 1953. Reeves was devoted to her and to her writing and he envied her talent. She yearned for attention, mostly from women who admired her but rebuffed her sexually. Her first novel, The Heart Is a Lonely Hunter, was published in 1940, when she was twenty-three, and overnight, Carson McCullers became the most widely talked about writer of the time. While McCullers's literary stature continues to endure, her private life has remained enigmatic and largely unexamined. Now, with unprecedented access to the cache of materials that has surfaced in the past decade, Mary Dearborn gives us the first full picture of this brilliant, complex artist who was decades ahead of her time, a writer who understood and captured the heart and longing of the outcast. 
600 1 0 |a McCullers, Carson,  |d 1917-1967. 
650 0 |a Women novelists, American  |v Biography. 
945 |b 87615 
947 |a A14852493742 
948 |a dmitchel 6/14/24 3.50.30 
980 |b print  |c 40032254384  |f NONFIC/B  |g 565714  |k USD  |m 32.00  |q 1  |s AcqMono Conventional  |t Approval plan  |u Vendor order reference number  |v ZYBP  |y Print approval  |z Physical resource 
999 f f |i 4163e560-bfc7-4b6c-9485-4dcd7fcc9b3c  |s ad437b83-2bd8-40fb-a84d-32b89ce784e3  |t 0 
952 f f |p normal  |a Texas A&M University  |b College Station  |c Sterling C. Evans Library  |d Evans: Library Stacks  |t 0  |e PS3525.A1772 Z595 2024  |h Library of Congress classification  |i unmediated -- volume  |m A14852493742 
998 f f |a PS3525.A1772 Z595 2024  |t 0  |l Evans: Library Stacks